| 000 | 00806nam a22002297a 4500 | ||
|---|---|---|---|
| 005 | 20220429124154.0 | ||
| 008 | 220429b sp ||||| |||| 00| 0 spa d | ||
| 020 | _a9788437507088 | ||
| 050 | 0 | 4 |
_aBF175.4.S65 _bB38 2014 |
| 100 | 1 | _aBauman, Zygmunt | |
| 245 | 1 | 3 |
_aEl retorno del péndulo : _bsobre psicoanálisis y el futuro del mundo líquido _c/ Zygmunt Bauman, Gustavo Dessal. |
| 250 | _a1a ed. | ||
| 260 |
_aMadrid : _bFondo de Cultura Económica, _c2014 |
||
| 300 |
_a162 p . ; _c21 cm. |
||
| 490 | 0 | _aColección Sociología / Fondo de Cultura Económica | |
| 600 | 1 | 0 |
_aFreud, Sigmund, _d1856-1939 |
| 650 | 7 |
_2lemb _aPsicoanálisis |
|
| 650 | 7 |
_2lemb _aCivilización _xFilosofía _ySiglo XXI |
|
| 700 | 1 |
_aDessal, Gustavo _eautor |
|
| 700 | 1 |
_aMosconi, Lilia _etraductor |
|
| 942 |
_2lcc _cLIB |
||
| 999 |
_c161771 _d161769 |
||